Statistics for Religiøse symboler 1

Click here to take the quiz!

General Stats

  • This quiz has been taken 64 times
  • The average score is 7 of 13

Answer Stats

Answer% Correct
Islam
100%
Kristendom
91%
Hinduisme
86%
Buddhisme
86%
Livssynshumanisme (ikke en religion)
77%
Jødedom
71%
Sikhisme
43%
Shinto
34%
Jainisme
31%
Daoisme/Taoisme
29%
Kinesisk folkereligion
20%
Bahai
14%
Zoroastrisme
14%

Score Distribution

Percentile by Number Answered

Percent of People with Each Score

Your Score History

You have not taken this quiz